|
|
|
|
| LEADER |
00000cam a22000004a 4500 |
| 001 |
musev2_112263 |
| 003 |
MdBmJHUP |
| 005 |
20230905054613.0 |
| 006 |
m o d |
| 007 |
cr||||||||nn|n |
| 008 |
750207s1975 pau o 00 0 eng d |
| 010 |
|
|
|z 74026019
|
| 020 |
|
|
|a 9780822976059
|
| 020 |
|
|
|z 9780822984504
|
| 020 |
|
|
|z 9780822932994
|
| 035 |
|
|
|a (OCoLC)318584862
|
| 040 |
|
|
|a MdBmJHUP
|c MdBmJHUP
|
| 100 |
1 |
|
|a Clark, Truman R.
|q (Truman Ross),
|d 1935-
|e author.
|
| 245 |
1 |
0 |
|a Puerto Rico and the United States, 1917-1933 /
|c Truman R. Clark.
|
| 264 |
|
1 |
|a [Pittsburgh, Pa.] :
|b University of Pittsburgh Press,
|c [1975]
|
| 264 |
|
3 |
|a Baltimore, Md. :
|b Project MUSE,
|c 2023
|
| 264 |
|
4 |
|c ©[1975]
|
| 300 |
|
|
|a 1 online resource.
|
| 336 |
|
|
|a text
|b txt
|2 rdacontent
|
| 337 |
|
|
|a computer
|b c
|2 rdamedia
|
| 338 |
|
|
|a online resource
|b cr
|2 rdacarrier
|
| 490 |
0 |
|
|a Pitt Latin American series
|
| 505 |
0 |
|
|a From Spanish to United States citizenship -- Prohibition, war and woman suffrage -- "100% Americanism" comes to Puerto Rico -- The kaleidoscope of Puerto Rican politics, 1923-1929 -- The insular economy, 1917-1933 -- "The hillbilly in the governor's mansion" -- Porto Rico becomes Puerto Rico -- The policy of no policy.
|
| 588 |
|
|
|a Description based on print version record.
|
| 651 |
|
7 |
|a United States.
|2 fast
|0 (OCoLC)fst01204155
|
| 651 |
|
7 |
|a Puerto Rico.
|2 fast
|0 (OCoLC)fst01205432
|
| 651 |
|
6 |
|a Porto Rico
|x Relations
|z États-Unis.
|
| 651 |
|
6 |
|a Porto Rico
|x Conditions economiques.
|
| 651 |
|
6 |
|a États-Unis
|x Relations
|z Porto Rico.
|
| 651 |
|
6 |
|a Porto Rico
|x Relations (generales)
|z États-Unis.
|
| 651 |
|
6 |
|a Porto Rico
|x Politique et gouvernement
|y 1898-1952.
|
| 651 |
|
0 |
|a Puerto Rico
|x Economic conditions.
|
| 651 |
|
0 |
|a United States
|x Relations
|z Puerto Rico.
|
| 651 |
|
0 |
|a Puerto Rico
|x Relations
|z United States.
|
| 651 |
|
0 |
|a Puerto Rico
|x Politics and government
|y 1898-1952.
|
| 650 |
|
7 |
|a Politics and government
|2 fast
|0 (OCoLC)fst01919741
|
| 650 |
|
7 |
|a International relations.
|2 fast
|0 (OCoLC)fst00977053
|
| 650 |
|
7 |
|a Economic history.
|2 fast
|0 (OCoLC)fst00901974
|
| 655 |
|
7 |
|a Electronic books.
|2 local
|
| 710 |
2 |
|
|a Project Muse.
|e distributor
|
| 830 |
|
0 |
|a Book collections on Project MUSE.
|
| 856 |
4 |
0 |
|z Texto completo
|u https://projectmuse.uam.elogim.com/book/112263/
|
| 945 |
|
|
|a Project MUSE - Custom Collection
|
| 945 |
|
|
|a Project MUSE - 2023 Annual Backfile - Unpurchased
|